| 000 | 00645nam a2200193 a 4500 | ||
|---|---|---|---|
| 005 | 20240925064853.0 | ||
| 008 | 991125s1975 es 000 0 spa u | ||
| 035 | _aUPN01000003912 | ||
| 049 | _aCG | ||
| 050 | 4 |
_aLB1051 _bH3.28 |
|
| 100 | 1 |
_aHaseloff, Otto Walter, _d1918- _931602 |
|
| 245 | 1 | 3 |
_aEl aprender : _bpsicología del aprendizaje / _cO. W. Haseloff, E. Jorswieck ; tr. por Eloy Fuente Herrero. |
| 260 |
_aMadrid : _bEspasa-Calpe, _c1975. |
||
| 300 | _a291 p. | ||
| 440 | 0 |
_aMonografías de psicología normal y patología ; _v13 |
|
| 650 | 4 |
_aPsicología del aprendizaje _95221 |
|
| 700 | 1 |
_aJorswieck, Eduard, _ecoaut. |
|
| 905 | _aLibro | ||
| 999 |
_c3912 _d3912 |
||